Register op de besluiten der staten van de Provincie Groningen van 1917-1936. (Record no. 37457)

MARC details
000 -LEADER
fixed length control field 00498cam a22001697 4500
001 - CONTROL NUMBER
control field ltf91007873
003 - CONTROL NUMBER IDENTIFIER
control field DLC
005 - DATE AND TIME OF LATEST TRANSACTION
control field 20260227111551.0
008 - FIXED-LENGTH DATA ELEMENTS--GENERAL INFORMATION
fixed length control field 910219s1938 ne 000 0 dut
010 ## - LIBRARY OF CONGRESS CONTROL NUMBER
LC control number ltf91007873
040 ## - CATALOGING SOURCE
Original cataloging agency DLC
Transcribing agency DLC
Modifying agency DLC
050 00 - LIBRARY OF CONGRESS CALL NUMBER
Classification number 4JS Neth 1
110 1# - MAIN ENTRY--CORPORATE NAME
Corporate name or jurisdiction name as entry element Groningen (Netherlands : Province)
245 10 - TITLE STATEMENT
Title Register op de besluiten der staten van de Provincie Groningen van 1917-1936.
260 ## - PUBLICATION, DISTRIBUTION, ETC.
Place of publication, distribution, etc. Groningen,
Name of publisher, distributor, etc. Drukkerij Gebroeders Hoitsema,
Date of publication, distribution, etc. 1938.
300 ## - PHYSICAL DESCRIPTION
Extent 411 p.

No items available.

Powered by Koha